000 01348nam a2200277 a 4500
003 AR-RoUNCS
005 20260505161549.0
007 ta
008 090604s2017 ag |r|||| 0|| j spa
020 _a9789507319075
040 _aAR-BaBN
_bspa
_cAR-RoUNCS
080 1 _a82-34(82)
100 1 _aSaer, Juan José,
_d1937-2005
_eautor
245 1 0 _aA medio borrar :
_bantología /
_cJuan José Saer.
250 _a1a ed.
260 _aCiudad Autónoma de Buenos Aires :
_bSeix Barral,
_c2017.
300 _a273 p. ;
_c19 cm.
500 _aEdición con guía de lectura.
500 _aAntología y prólogo: Martín Prieto ; guía de lectura y actividades: Carlos Ferreyra ; glosario: Analía Capdevila.
500 _aPublicación en homenaje al 80º aniversario del nacimiento de Juan José Saer.
505 0 _aPrólogo -- Argumentos: En la costra reseca -- Discusión sobre el término zona -- Cambio de domicilio -- Al abrigo -- Manos y planetas -- Recuerdos -- Biografía de Higinio Gómez -- El que se llora -- El bar de Gandia -- Amigos -- Cuentos: La tardecita -- Fuego para Rivarola -- Barro cocido --Sombras sobre vidrio esmerilado -- Palo y hueso -- Nouvelle: A medio borrar.
650 7 _aLiteratura argentina
_2embne
655 7 _aCuento
_2embne
700 1 _aPrieto, Martín,
_d1961-
_ecompilador
_eprologuista
942 _2udc
_cOG
_n0
999 _c988
_d988